Differential and integral inequalities; theory and applications volume ii : (Record no. 30176)
[ view plain ]
| 000 -LEADER | |
|---|---|
| fixed length control field | 00664 a2200169 4500 |
| 020 ## - INTERNATIONAL STANDARD BOOK NUMBER | |
| International Standard Book Number | 0124110312 |
| 020 ## - INTERNATIONAL STANDARD BOOK NUMBER | |
| International Standard Book Number | 9780124110311 |
| 082 ## - DEWEY DECIMAL CLASSIFICATION NUMBER | |
| Classification number | 517.38 |
| 090 ## - LOCALLY ASSIGNED LC-TYPE CALL NUMBER (OCLC); LOCAL CALL NUMBER (RLIN) | |
| -- | 1566 |
| -- | 1566 |
| 100 ## - MAIN ENTRY--PERSONAL NAME | |
| Personal name | Lakshmikantham, V. |
| 245 10 - TITLE STATEMENT | |
| Title | Differential and integral inequalities; theory and applications volume ii : |
| Remainder of title | functional, partial, abstract, and complex differential equations / |
| Statement of responsibility, etc. | V. Lakshmikantham. |
| 260 ## - PUBLICATION, DISTRIBUTION, ETC. | |
| Place of publication, distribution, etc. | [S.l.] : |
| Name of publisher, distributor, etc. | Academic Press, |
| Date of publication, distribution, etc. | 1969. |
| 300 ## - PHYSICAL DESCRIPTION | |
| Extent | 334 p. ; |
| Dimensions | 23 cm. |
| 700 1# - ADDED ENTRY--PERSONAL NAME | |
| Personal name | Lakshmikantham, V. |
| 942 ## - ADDED ENTRY ELEMENTS (KOHA) | |
| Institution code [OBSOLETE] | SNS |
| Koha item type | Book |
| Call number prefix | 517.38 LAK |
| Withdrawn status | Lost status | Damaged status | Not for loan | Permanent Location | Current Location | Date acquired | Total Checkouts | Full call number | Barcode | Date last seen | Price effective from | Koha item type |
|---|---|---|---|---|---|---|---|---|---|---|---|---|
| School of Natural Sciences (SNS) | School of Natural Sciences (SNS) | 05/26/2016 | 517.38 LAK | SNS0001791 | 05/26/2016 | 05/26/2016 | Book |
